000 01355nam a2200325 a 4500
001 BRCA_3001
005 20190320204050.0
008 190109s1608----fr-#---###---#000-0#fre-u
041 _afre
044 _afr
084 _a322
_b.B374
_c1681
100 1 _aCervantes Saavedra, Miguel de
_d1547-1616
_9213
245 1 0 _aHistorie de l´Admirable Don Quichotte de la Manche
_cMiguel de Cervantes Saavedra.
260 _aParis
_bClaude Barbin
_c1681
300 _a2 v.
_c14 cm.
500 _aContenido : v 1. Primera parte. Advertencia del traductor. Texto
500 _aEdición : Traduit par Filleau de Saint-Martin
500 _aTraducción de Filleau de Saint-Martin, reimpresión de la anterior (1678). Las láminas que adornan esta edición son copia de las de la edición de Bruselas de 1622. Piel Lúdovik Osterc
500 _aExistencias : Falta el segundo volúmen
500 _aQM251
546 _aTexto en : francés
650 1 4 _aNovela española
_yÉpoca clásica, 1500-1700
_9215
650 1 4 _aLiteratura española
_yÉpoca clásica, 1500-1700
_9216
650 1 4 _aNovela española
_ySiglo XVII
_9217
650 1 4 _aDon Quijote (Personaje ficticio)
_eNovela
_9218
700 1 _aSaint-Martin, Francois Filleu de
_d1632-1695
_eTraductor
_98291
740 0 _aEl Ingenioso Hidalgo Don Quijote de la Mancha
902 _aQFM
942 _2lcc
_cB
999 _c2739
_d2739